| 000 | 01116nas a2200229 i 4500 | ||
|---|---|---|---|
| 001 | 768714001 | ||
| 003 | CO-MdFUSB | ||
| 005 | 20240823114859.0 | ||
| 008 | 220906s1985 ck ||||| |||| 00| 0 spa d | ||
| 040 |
_bspa _cCO-MdFUSB _dCO-MdFUSB |
||
| 041 | _aspa | ||
| 100 |
_aRoa, Araminta, _eautor |
||
| 245 | 4 |
_aLos paeces de Tierradentro _c/ Araminta Roa , Maribel Pertuz |
|
| 300 |
_aVolumen 63, (julio, 1985) páginas: 51-129 _c; 23 cm |
||
| 520 | _aLos Paeces habitan en el territorio conocido como Tierradentro, región del departamento del cauca y un poco aislado del resto del país. Actualmente Tierradentro está constituida por los dos municipios caucanos de Inza y Páez. Aproximadamente el 70% de los terreros está en zona de resguardo y un 80% de la población puede ser considerado como indígena. | ||
| 650 | 7 |
_93 _aCultura |
|
| 650 | 7 |
_aAntropología cultural y social _96714 |
|
| 700 | _aPertuz, Maribel, | ||
| 773 | 0 |
_049438 _981250 _dCentro Antropológico Colombiano _oR1675 _tEthnia _w(CO-MdFUSB)768714001 _gVolumen 63, (julio, 1985) páginas: 51-129 _qpágina: 51 |
|
| 942 | _cANA | ||
| 945 | _aAF | ||
| 999 |
_c68118 _d68118 |
||